[Event "12. Nordic Cup"]
[Site "Aabybro "]
[Date "1989.10.??"]
[Round "7.3"]
[White "Bern, Ivar "]
[Black "Ost Hansen, Jacob"]
[Result "0-1"]
[WhiteElo "2355"]
[BlackElo "2430"]
[PlyCount "96"]
[EventDate "1989.10.15"]
[EventType "team"]
[EventCountry "DEN"]
[WhiteTeam "Norge"]
[BlackTeam "Danmark"]
[WhiteTeamCountry "NOR"]
[BlackTeamCountry "DEN"]

1. d4 Nf6 2. c4 c5 3. d5 e5 4. Nc3 d6 5. e4 Be7 6. g3 O-O 7. Bg2 Nbd7 8. Nge2
a6 9. a4 Ne8 10. O-O Kh8 11. f4 g6 12. f5 Bg5 13. g4 Ng7 14. Bd2 Bxd2 15. Qxd2
Qh4 16. Rf3 Qxg4 17. Raf1 Nh5 18. Kh1 Ndf6 19. Bh3 Qh4 20. Qe3 g5 21. Bg2 g4
22. Rg3 Nxg3+ 23. Nxg3 Rg8 24. b4 cxb4 25. Nce2 Nd7 26. f6 Nc5 27. Nc1 Rg6 28.
Rf2 Bd7 29. Nb3 Qg5 30. Qxg5 Rxg5 31. Nxc5 dxc5 32. a5 b6 33. axb6 a5 34. Ne2
Rb8 35. Nc1 Rxb6 36. Nb3 a4 37. Nxc5 Be8 38. Bf1 g3 39. hxg3 Rxg3 40. Rf5 Kg8
41. Kh2 Rg6 42. Rxe5 Kf8 43. Bh3 Rbxf6 44. Nd7+ Bxd7 45. Bxd7 Rf2+ 46. Kh3 a3
47. Re8+ Kg7 48. Ra8 a2 0-1

[Event "12. Nordic Cup"]
[Site "Aabybro "]
[Date "1989.10.??"]
[Round "7.4"]
[White "Berg, Klaus "]
[Black "Haugli, Petter "]
[Result "1-0"]
[WhiteElo "2420"]
[BlackElo "2365"]
[PlyCount "82"]
[EventDate "1989.10.15"]
[EventType "team"]
[EventCountry "DEN"]
[WhiteTeam "Danmark"]
[BlackTeam "Norge"]
[WhiteTeamCountry "DEN"]
[BlackTeamCountry "NOR"]

1. Nf3 Nf6 2. d4 e6 3. e3 c5 4. Bd3 Nc6 5. O-O d5 6. c4 cxd4 7. exd4 dxc4 8.
Bxc4 Be7 9. Nc3 O-O 10. a3 b6 11. Bg5 Bb7 12. Ba2 Rc8 13. Re1 Nd5 14. Bxd5 Bxg5
15. Be4 Re8 16. d5 Na5 17. dxe6 Rxe6 18. Qxd8+ Bxd8 19. Bf5 Rxe1+ 20. Rxe1 Kf8
21. Bxc8 Bxc8 22. Nb5 Nc6 23. Nfd4 Nxd4 24. Nxd4 Bd7 25. f3 Bf6 26. Rd1 Ke7 27.
Kf2 h5 28. g3 g6 29. Rd2 Bg7 30. Ke3 Bh6+ 31. f4 Bg7 32. Ke4 Ba4 33. Kd5 Kd7
34. b3 Bxd4 35. Kxd4 Bb5 36. Ke5+ Ke7 37. Rd6 Bd7 38. Rf6 Be6 39. b4 Bd7 40. h4
Bb5 41. f5 Be8 1-0

[Event "12. Nordic Cup"]
[Site "Aabybro "]
[Date "1989.10.??"]
[Round "7.5"]
[White "Dahl, Ingrid "]
[Black "Hoeiberg, Nina "]
[Result "0-1"]
[WhiteElo "2085"]
[BlackElo "2195"]
[PlyCount "64"]
[EventDate "1989.10.15"]
[EventType "team"]
[EventCountry "DEN"]
[WhiteTeam "Norge"]
[BlackTeam "Danmark"]
[WhiteTeamCountry "NOR"]
[BlackTeamCountry "DEN"]

1. e4 e5 2. Nf3 Nc6 3. Bb5 Nd4 4. Nxd4 exd4 5. O-O c6 6. Bc4 Nf6 7. e5 d5 8.
exf6 dxc4 9. Qe2+ Be6 10. fxg7 Bxg7 11. d3 cxd3 12. cxd3 O-O 13. Bf4 Qf6 14.
Qf3 Qg6 15. Qg3 Bf5 16. Rd1 Rfe8 17. Qxg6 Bxg6 18. Kf1 Re6 19. Na3 Rae8 20. Nc4
Bf8 21. a3 c5 22. a4 b6 23. Ra3 a6 24. Raa1 b5 25. axb5 axb5 26. Na3 c4 27.
dxc4 Bxa3 28. Rxa3 bxc4 29. f3 Bd3+ 30. Kg1 h5 31. Ra5 h4 32. Rd5 Re1+ 0-1

[Event "12. Nordic Cup"]
[Site "Aabybro "]
[Date "1989.10.??"]
[Round "7.6"]
[White "Sorensen, Jan "]
[Black "Djurhuus, Rune "]
[Result "1-0"]
[WhiteElo "2335"]
[BlackElo "2415"]
[PlyCount "103"]
[EventDate "1989.10.15"]
[EventType "team"]
[EventCountry "DEN"]
[WhiteTeam "Danmark"]
[BlackTeam "Norge"]
[WhiteTeamCountry "DEN"]
[BlackTeamCountry "NOR"]

1. e4 e6 2. d4 d5 3. Nd2 c5 4. exd5 Qxd5 5. Ngf3 cxd4 6. Bc4 Qd6 7. O-O Nf6 8.
Nb3 Nc6 9. Nbxd4 Nxd4 10. Nxd4 Bd7 11. c3 Qc7 12. Qe2 O-O-O 13. a4 Bd6 14. h3
h5 15. Bg5 Rdg8 16. Rfd1 Kb8 17. Bb5 Bc8 18. Qc4 Ne4 19. Be3 a6 20. Nf3 Qxc4
21. Bxc4 Bc7 22. Bd4 Nd6 23. Bb3 f6 24. a5 Rd8 25. Bb6 Bxb6 26. axb6 e5 27. Bd5
g5 28. Nd2 Bf5 29. Rac1 Nc8 30. Nc4 h4 31. Na5 Nxb6 32. Bxb7 Kc7 33. b4 Bd3 34.
c4 e4 35. Bxa6 Nd7 36. Nb3 Kb6 37. Bb5 Ne5 38. Nc5 f5 39. Na4+ Kc7 40. Nc5 Rh6
41. Ra1 Kb8 42. Ra5 Rb6 43. Rda1 Rc8 44. Ra7 Rxc5 45. bxc5 Rb7 46. Ra8+ Kc7 47.
Rg8 g4 48. Raa8 Rxb5 49. Rg7+ Nd7 50. cxb5 Bxb5 51. Ra7+ Kd8 52. hxg4 1-0